Las cadenas fisiológicas : la cadena visceral abdomen-pelvis : descripción y tratamiento /

El Método Busquet presenta una descripción de la estructura y dinámica del cuerpo humano mediante las cadenas fisiológicas (musculares, neurovasculares y viscerales), y explica nuevos criterios para la práctica terapéutica eficaz, mediante enfoques innovadores de la estática, el equilibrio y el movi...

Descrición completa

Gardado en:
Detalles Bibliográficos
Autor Principal: Busquet-Vanderheyden, Michèle (autor)
Formato: Libro
Idioma:Lingua castelá
Publicado: Barcelona, España : Paidotribo, 2013, c2013
Series:(Las Cadenas Fisiológicas ; 6)
Temas:
Etiquetas: Engadir etiqueta
Sen Etiquetas, Sexa o primeiro en etiquetar este rexistro!

MARC

LEADER 00000nam^a2200000^a^4500
001 000413521
005 20250521000000.0
009 20260310122207.349
020 |a 978-84-9910-165-1 
037 |a Acervo ITESO - Biblioteca 
041 |a ESP 
082 |a 612.  |b BUS V. 6 
100 |a Busquet-Vanderheyden, Michèle  |e (autor) 
245 1 4 |a Las cadenas fisiológicas :  |b la cadena visceral abdomen-pelvis : descripción y tratamiento /  |c M. Busquet-Vanderheyden ; tr. por Judit Viaplana. 
264 4 |a Barcelona, España :  |b Paidotribo,  |c 2013, c2013 
300 |a VIII, 195 p. 
336 |a texto  |b txt  |2 rdacontenido 
337 |a sin mediación  |b n  |2 rdamedio 
338 |a volumen  |b nc  |2 rdasoporte 
440 5 |a (Las Cadenas Fisiológicas ;  |v 6) 
520 |a El Método Busquet presenta una descripción de la estructura y dinámica del cuerpo humano mediante las cadenas fisiológicas (musculares, neurovasculares y viscerales), y explica nuevos criterios para la práctica terapéutica eficaz, mediante enfoques innovadores de la estática, el equilibrio y el movimiento. El método se explica en una serie de siete publicaciones, enfocadas a diferentes partes del cuerpo: 1) tronco, columna cervical y miembro superior; 2) La cintura pélvica y el miembro inferior; 3) La pubalgia; 4) Miembros inferiores; 5) Tratamiento del cráneo; 6) La cadena visceral abdomen-pelvis; y 7) Tórax, garganta y boca. 
649 |a XX 
650 |a Abdomen 
650 |a Pelvis 
650 |a Cuerpo Humano 
650 |a Fisiología Humana -  |x Tema Principal 
650 |a Terapéutica Fisiológica -  |x Tema Principal 
650 |a Fisiología 
650 |a Ciencias Médicas 
910 |a Fondo General 
920 |a Impresos - Libros 
930 |a Colección General 
905 |a 101 
901 |a 0500322168  |b IT1  |c ACC  |i C166268  |u 20250521 
902 |a https://opac.biblio.iteso.mx/vufind/Record/000413521